000 00456nam a2200193Ia 4500
999 _c10694
_d10694
003 GCL
005 20240530095805.0
008 140319s9999 xx 000 0 eng d
040 _aGCL /
_cGCL
082 0 4 _a616.89
_bG C
100 1 _aGREENE, HARLAN
245 1 0 _aCLINICAL MEDICINE /
_cGREENE, HARLAN
260 _a[S.N] :
_bMOSBY ،
_c1996
300 _a965
650 0 4 _aPHYSICIANS
650 0 4 _aDISEASES
650 0 4 _aMEDICINE
942 _2ddc
_cBK